<?xml version="1.0" encoding="UTF-8"?><?xml-stylesheet type="text/xsl" href="static/style.xsl"?><OAI-PMH xmlns="http://www.openarchives.org/OAI/2.0/" xmlns:xsi="http://www.w3.org/2001/XMLSchema-instance" xsi:schemaLocation="http://www.openarchives.org/OAI/2.0/ http://www.openarchives.org/OAI/2.0/OAI-PMH.xsd"><responseDate>2026-04-14T04:50:52Z</responseDate><request verb="GetRecord" identifier="oai:www.recercat.cat:10230/25235" metadataPrefix="marc">https://recercat.cat/oai/request</request><GetRecord><record><header><identifier>oai:recercat.cat:10230/25235</identifier><datestamp>2025-12-17T20:23:58Z</datestamp><setSpec>com_2072_6</setSpec><setSpec>col_2072_452954</setSpec></header><metadata><record xmlns="http://www.loc.gov/MARC21/slim" xmlns:dcterms="http://purl.org/dc/terms/" xmlns:xsi="http://www.w3.org/2001/XMLSchema-instance" xmlns:doc="http://www.lyncode.com/xoai" xsi:schemaLocation="http://www.loc.gov/MARC21/slim http://www.loc.gov/standards/marcxml/schema/MARC21slim.xsd">
   <leader>00925njm 22002777a 4500</leader>
   <datafield ind2=" " ind1=" " tag="042">
      <subfield code="a">dc</subfield>
   </datafield>
   <datafield ind2=" " ind1=" " tag="720">
      <subfield code="a">Insuasty Salas, Edgar</subfield>
      <subfield code="e">author</subfield>
   </datafield>
   <datafield ind2=" " ind1=" " tag="260">
      <subfield code="c">2015-11-26T13:27:21Z</subfield>
   </datafield>
   <datafield ind2=" " ind1=" " tag="260">
      <subfield code="c">2015-11-26T13:27:21Z</subfield>
   </datafield>
   <datafield ind2=" " ind1=" " tag="260">
      <subfield code="c">2015-11-26</subfield>
   </datafield>
   <datafield ind2=" " ind1=" " tag="520">
      <subfield code="a">Treball d&amp;apos;investigació/Fi de màster</subfield>
   </datafield>
   <datafield ind2=" " ind1=" " tag="520">
      <subfield code="a">Treball de fi de màster en Estudis de Cinema i Audiovisual Contemporanis</subfield>
   </datafield>
   <datafield ind2=" " ind1=" " tag="520">
      <subfield code="a">Tutora: Núria Aidelman</subfield>
   </datafield>
   <datafield ind2=" " ind1=" " tag="520">
      <subfield code="a">Este Trabajo Final de Máster es el resultado de una investigación personal que aborda las condiciones, características, argumentos y posibilidades sobre las que se desarrolla un proyecto audiovisual en el Centro Penitenciario de Jóvenes de Barcelona. A través de una lectura desde el mismo ejercicio del arte en su relación con la prisión, planteamos un dispositivo de visibilidad para el prisionero dentro de uno de invisibilidad que es la cárcel misma como interrupción de su mirada. Se pretende así perfilar los fundamentos para un proyecto metodológico a largo plazo que aborde dentro de la prisión, la problemática del audiovisual en particular y la imagen en general.</subfield>
   </datafield>
   <datafield tag="653" ind2=" " ind1=" ">
      <subfield code="a">Presons en l&amp;apos;art</subfield>
   </datafield>
   <datafield tag="653" ind2=" " ind1=" ">
      <subfield code="a">Ensenyament audiovisual</subfield>
   </datafield>
   <datafield tag="653" ind2=" " ind1=" ">
      <subfield code="a">Presos -- Rehabilitació -- Catalunya</subfield>
   </datafield>
   <datafield ind2="0" ind1="0" tag="245">
      <subfield code="a">La interrupción de la mirada: hacia la validez de un proyecto audiovisual en prisión</subfield>
   </datafield>
</record></metadata></record></GetRecord></OAI-PMH>